| 000 | 00586cam a2200181Ia 4500 | ||
|---|---|---|---|
| 040 | _c635 COO 1986 C153 Or. | ||
| 082 | _a635 COO 1986 C153 Or. | ||
| 100 | 1 | _aBuishand, Tjerk | |
| 245 | 1 | 4 |
_aThe complete book of vegetables : _ban illustrated guide to over 400 species and varieties of vegetables from all over the world / |
| 260 |
_aLondon : _bAdmiral Books, _cc1986 |
||
| 300 |
_a180 p. : _bill. (some col.) ; _c29 cm |
||
| 500 | _aIncludes index | ||
| 650 | 0 | _aVegetable gardening | |
| 650 | 0 | _aVegetables | |
| 700 | 1 | _aHouwing, Harm P | |
| 700 | 1 | _aJansen, Kees | |
| 942 | _cAEDBB | ||
| 999 |
_c19264 _d19264 |
||